[Event "DEM U10w 2021"]
[Site "Willingen GER"]
[Date "2021.08.28"]
[Round "9"]
[White "Leicher, Anna"]
[Black "Kovalskyy, Alicia"]
[Result "0-1"]
[Termination "normal"]
[Board "6"]
[WhiteElo "1249"]
[BlackElo "1078"]
[WhiteClock "00:12:00"]
[BlackClock "00:40:33"]
[PlyCount "156"]
[WhiteFideId "34614966"]
[BlackFideId "34612130"]
[EventCountry "GER"]
[EventRounds "11"]
[EventType "swiss"]
[EventDate "2021.08.22"]

1. e4 {[%clk 01:15:57]} {[%emt 00:00:04]} e5 {[%clk 01:15:56]} {[%emt
00:00:04]} 2. Nf3 {[%clk 01:16:21]} {[%emt 00:00:06]} Nc6 {[%clk 01:16:22]}
{[%emt 00:00:04]} 3. Bc4 {[%clk 01:16:44]} {[%emt 00:00:07]} Bc5 {[%clk
01:16:48]} {[%emt 00:00:04]} 4. Nc3 {[%clk 01:17:00]} {[%emt 00:00:14]} d6
{[%clk 01:17:12]} {[%emt 00:00:07]} 5. h3 {[%clk 01:17:22]} {[%emt 00:00:07]}
Nf6 {[%clk 01:17:35]} {[%emt 00:00:06]} 6. d3 {[%clk 01:17:45]} {[%emt
00:00:08]} h6 {[%clk 01:18:00]} {[%emt 00:00:06]} 7. O-O {[%clk 01:15:35]}
{[%emt 00:02:38]} g5 {[%clk 01:18:26]} {[%emt 00:00:05]} 8. Nh2 {[%clk
01:08:07]} {[%emt 00:07:56]} Rg8 {[%clk 01:17:30]} {[%emt 00:01:26]} 9. g4
{[%clk 00:53:56]} {[%emt 00:14:42]} h5 {[%clk 01:16:35]} {[%emt 00:01:25]} 10.
Be3 {[%clk 00:52:50]} {[%emt 00:01:35]} Qd7 {[%clk 01:13:48]} {[%emt 00:03:18]}
11. Qf3 {[%clk 00:51:39]} {[%emt 00:01:40]} Qe7 {[%clk 01:12:46]} {[%emt
00:01:34]} 12. Nb5 {[%clk 00:46:20]} {[%emt 00:05:48]} hxg4 {[%clk 01:10:58]}
{[%emt 00:02:18]} 13. hxg4 {[%clk 00:45:32]} {[%emt 00:01:18]} Rg6 {[%clk
01:07:27]} {[%emt 00:04:01]} 14. Bxc5 {[%clk 00:43:55]} {[%emt 00:02:07]} dxc5
{[%clk 01:07:32]} {[%emt 00:00:24]} 15. Rad1 {[%clk 00:39:25]} {[%emt
00:05:01]} a6 {[%clk 01:07:07]} {[%emt 00:00:56]} 16. Nc3 {[%clk 00:39:44]}
{[%emt 00:00:11]} Be6 {[%clk 01:05:23]} {[%emt 00:02:14]} 17. Nd5 {[%clk
00:35:44]} {[%emt 00:04:28]} Nxd5 {[%clk 01:05:13]} {[%emt 00:00:42]} 18. exd5
{[%clk 00:35:44]} {[%emt 00:00:29]} Nd4 {[%clk 01:05:25]} {[%emt 00:00:18]} 19.
Qe4 {[%clk 00:34:30]} {[%emt 00:01:44]} Bc8 {[%clk 00:59:07]} {[%emt 00:06:48]}
20. c3 {[%clk 00:32:43]} {[%emt 00:02:17]} Nb5 {[%clk 00:47:23]} {[%emt
00:12:14]} 21. Rfe1 {[%clk 00:32:18]} {[%emt 00:00:54]} Kd8 {[%clk 00:44:16]}
{[%emt 00:03:38]} 22. Qxe5 {[%clk 00:29:06]} {[%emt 00:03:41]} Qxe5 {[%clk
00:44:02]} {[%emt 00:00:44]} 23. Rxe5 {[%clk 00:29:24]} {[%emt 00:00:13]} f6
{[%clk 00:44:12]} {[%emt 00:00:21]} 24. Re3 {[%clk 00:28:43]} {[%emt 00:01:10]}
Bd7 {[%clk 00:43:33]} {[%emt 00:01:10]} 25. Rde1 {[%clk 00:27:18]} {[%emt
00:01:52]} Rg7 {[%clk 00:43:37]} {[%emt 00:00:27]} 26. Rf3 {[%clk 00:26:10]}
{[%emt 00:01:39]} Rf7 {[%clk 00:43:19]} {[%emt 00:00:47]} 27. d6 {[%clk
00:26:12]} {[%emt 00:00:29]} Rf8 {[%clk 00:43:26]} {[%emt 00:00:24]} 28. dxc7+
{[%clk 00:26:06]} {[%emt 00:00:35]} Nxc7 {[%clk 00:43:23]} {[%emt 00:00:33]}
29. d4 {[%clk 00:25:44]} {[%emt 00:00:53]} cxd4 {[%clk 00:43:07]} {[%emt
00:00:46]} 30. cxd4 {[%clk 00:25:47]} {[%emt 00:00:27]} Bc6 {[%clk 00:42:32]}
{[%emt 00:01:05]} 31. d5 {[%clk 00:25:13]} {[%emt 00:01:03]} Bd7 {[%clk
00:41:15]} {[%emt 00:01:46]} 32. d6 {[%clk 00:19:35]} {[%emt 00:06:10]} Ne8
{[%clk 00:41:21]} {[%emt 00:00:22]} 33. Rd1 {[%clk 00:18:48]} {[%emt 00:01:18]}
Rc8 {[%clk 00:41:19]} {[%emt 00:00:33]} 34. Bb3 {[%clk 00:17:15]} {[%emt
00:02:03]} Rc6 {[%clk 00:40:44]} {[%emt 00:01:04]} 35. Rfd3 {[%clk 00:16:50]}
{[%emt 00:00:53]} f5 {[%clk 00:40:10]} {[%emt 00:01:07]} 36. gxf5 {[%clk
00:14:37]} {[%emt 00:02:43]} Bxf5 {[%emt 00:00:16]} 37. Rf3 {[%emt 00:01:18]}
Nxd6 {[%clk 00:35:58]} {[%emt 00:03:08]} 38. Be6 {[%clk 00:14:09]} {[%emt
00:00:57]} Kc7 {[%clk 00:35:16]} {[%emt 00:01:13]} 39. Bd5 {[%clk 00:12:22]}
{[%emt 00:02:15]} Rc5 {[%clk 00:35:06]} {[%emt 00:00:41]} 40. Bxb7 {[%clk
00:12:08]} {[%emt 00:00:44]} Nxb7 {[%clk 00:34:51]} {[%emt 00:00:46]} 41. Re1
{[%clk 00:09:11]} {[%emt 00:03:25]} Rd8 {[%clk 00:34:46]} {[%emt 00:00:37]} 42.
Nf1 {[%clk 00:07:51]} {[%emt 00:01:48]} Rd6 {[%clk 00:33:01]} {[%emt 00:02:16]}
43. Ne3 {[%clk 00:07:21]} {[%emt 00:01:00]} Be6 {[%clk 00:32:55]} {[%emt
00:00:36]} 44. a3 {[%clk 00:05:14]} {[%emt 00:02:38]} Bd7 {[%clk 00:31:33]}
{[%emt 00:01:52]} 45. b4 {[%clk 00:03:45]} {[%emt 00:01:59]} Rcc6 {[%clk
00:31:03]} {[%emt 00:00:59]} 46. Rg3 {[%clk 00:03:23]} {[%emt 00:00:52]} Rg6
{[%clk 00:30:22]} {[%emt 00:01:12]} 47. Nd5+ {[%clk 00:03:37]} {[%emt
00:00:16]} Kb8 {[%clk 00:29:55]} {[%emt 00:00:57]} 48. Rb1 {[%clk 00:12:45]}
{[%emt 00:06:20]} Rce6 {[%clk 00:44:21]} {[%emt 00:01:06]} 49. Rf3 {[%clk
00:11:48]} {[%emt 00:01:27]} Bc6 {[%clk 00:43:05]} {[%emt 00:01:45]} 50. Rf8+
{[%clk 00:12:08]} {[%emt 00:00:10]} Re8 {[%clk 00:40:03]} {[%emt 00:03:32]} 51.
Rxe8+ {[%clk 00:11:03]} {[%emt 00:01:35]} Bxe8 {[%clk 00:40:23]} {[%emt
00:00:09]} 52. Re1 {[%clk 00:11:24]} {[%emt 00:00:11]} Bc6 {[%clk 00:40:28]}
{[%emt 00:00:25]} 53. Ne7 {[%clk 00:11:31]} {[%emt 00:00:23]} Rh6 {[%clk
00:40:40]} {[%emt 00:00:18]} 54. f3 {[%clk 00:10:43]} {[%emt 00:01:18]} Bxf3
{[%clk 00:39:43]} {[%emt 00:01:25]} 55. Kf2 {[%clk 00:11:05]} {[%emt 00:00:10]}
g4 {[%clk 00:39:38]} {[%emt 00:00:35]} 56. Nf5 {[%clk 00:10:51]} {[%emt
00:00:43]} Rf6 {[%clk 00:39:46]} {[%emt 00:00:22]} 57. Re8+ {[%clk 00:10:49]}
{[%emt 00:00:33]} Ka7 {[%clk 00:39:51]} {[%emt 00:00:24]} 58. Kg3 {[%clk
00:10:37]} {[%emt 00:00:42]} Rxf5 {[%clk 00:40:05]} {[%emt 00:00:17]} 59. a4
{[%clk 00:10:37]} {[%emt 00:00:29]} Rd5 {[%clk 00:40:06]} {[%emt 00:00:29]} 60.
a5 {[%clk 00:10:24]} {[%emt 00:00:43]} Rd4 {[%clk 00:40:22]} {[%emt 00:00:14]}
61. b5 {[%clk 00:10:34]} {[%emt 00:00:21]} axb5 {[%clk 00:40:38]} {[%emt
00:00:14]} 62. a6 {[%clk 00:10:57]} {[%emt 00:00:07]} Kxa6 {[%clk 00:40:31]}
{[%emt 00:00:36]} 63. Ra8+ {[%clk 00:11:09]} {[%emt 00:00:18]} Kb6 {[%clk
00:40:53]} {[%emt 00:00:08]} 64. Rg8 {[%clk 00:11:24]} {[%emt 00:00:14]} b4
{[%clk 00:40:58]} {[%emt 00:00:27]} 65. Rg6+ {[%clk 00:11:43]} {[%emt
00:00:10]} Rd6 {[%clk 00:41:18]} {[%emt 00:00:10]} 66. Rg5 {[%clk 00:11:54]}
{[%emt 00:00:20]} b3 {[%clk 00:41:34]} {[%emt 00:00:14]} 67. Rf5 {[%clk
00:11:54]} {[%emt 00:00:29]} b2 {[%clk 00:41:51]} {[%emt 00:00:14]} 68. Re5
{[%clk 00:12:00]} {[%emt 00:00:22]} b1=Q {[%clk 00:42:09]} {[%emt 00:00:14]}
69. Rg5 {[%clk 00:11:56]} {[%emt 00:00:33]} Qe1+ {[%clk 00:42:11]} {[%emt
00:00:28]} 70. Kf4 {[%clk 00:10:55]} {[%emt 00:01:31]} Rf6+ {[%clk 00:42:22]}
{[%emt 00:00:20]} 71. Rf5 {[%clk 00:11:12]} {[%emt 00:00:12]} Qe4+ {[%clk
00:42:36]} {[%emt 00:00:16]} 72. Kg3 {[%clk 00:11:19]} {[%emt 00:00:23]} Qxf5
{[%emt 00:00:44]} 73. Kh2 {[%clk 00:11:26]} Qc2+ {[%clk 00:42:57]} {[%emt
00:00:17]} 74. Kg3 {[%clk 00:11:49]} {[%emt 00:00:07]} Qg2+ {[%clk 00:43:12]}
{[%emt 00:00:15]} 75. Kh4 {[%clk 00:12:08]} {[%emt 00:00:11]} g3 {[%clk
00:43:22]} {[%emt 00:00:20]} 76. Kg5 {[%clk 00:12:05]} {[%emt 00:00:33]} Qf2
{[%clk 00:43:43]} {[%emt 00:00:09]} 77. Kh4 {[%clk 00:11:49]} {[%emt 00:00:46]}
g2+ {[%clk 00:43:52]} {[%emt 00:00:21]} 78. Kh3 {[%clk 00:12:00]} {[%emt
00:00:20]} g1=N# {[%clk 00:40:33]} {[%emt 00:00:13]} *

[Event "DEM U10w 2021"]
[Site "Willingen GER"]
[Date "2021.08.28"]
[Round "9"]
[White "Peglau, Lorena"]
[Black "Rößler, Helena"]
[Result "1/2-1/2"]
[Termination "normal"]
[Board "7"]
[WhiteElo "1005"]
[BlackElo "1123"]
[WhiteClock "01:01:20"]
[BlackClock "00:21:18"]
[PlyCount "40"]
[WhiteFideId "16290542"]
[BlackFideId "16266692"]
[EventCountry "GER"]
[EventRounds "11"]
[EventType "swiss"]
[EventDate "2021.08.22"]

1. d4 {[%clk 01:15:51]} {[%emt 00:00:09]} Nf6 {[%clk 01:15:51]} {[%emt
00:00:09]} 2. Bg5 {[%clk 01:16:13]} {[%emt 00:00:07]} g6 {[%clk 01:15:11]}
{[%emt 00:01:10]} 3. Bxf6 {[%clk 01:16:34]} {[%emt 00:00:10]} exf6 {[%clk
01:15:22]} {[%emt 00:00:18]} 4. Nf3 {[%clk 01:16:46]} {[%emt 00:00:18]} Bg7
{[%clk 01:14:02]} {[%emt 00:01:50]} 5. g3 {[%clk 01:16:46]} {[%emt 00:00:31]}
O-O {[%clk 01:14:08]} {[%emt 00:00:23]} 6. Bg2 {[%clk 01:17:04]} {[%emt
00:00:13]} f5 {[%clk 01:10:57]} {[%emt 00:03:41]} 7. O-O {[%clk 01:15:33]}
{[%emt 00:02:01]} Qf6 {[%clk 01:03:13]} {[%emt 00:08:07]} 8. c4 {[%clk
01:14:34]} {[%emt 00:01:36]} Nc6 {[%clk 01:00:22]} {[%emt 00:03:20]} 9. e3
{[%clk 01:14:44]} {[%emt 00:00:21]} Nd8 {[%clk 00:40:57]} {[%emt 00:19:50]} 10.
Nc3 {[%clk 01:14:17]} {[%emt 00:01:01]} Ne6 {[%clk 00:40:53]} {[%emt 00:00:34]}
11. Rc1 {[%clk 01:09:22]} {[%emt 00:05:24]} c5 {[%clk 00:36:42]} {[%emt
00:04:42]} 12. dxc5 {[%clk 01:08:26]} {[%emt 00:01:26]} Nxc5 {[%clk 00:33:19]}
{[%emt 00:03:52]} 13. Qd4 {[%clk 01:06:43]} {[%emt 00:02:15]} Qxd4 {[%clk
00:30:36]} {[%emt 00:03:12]} 14. Nxd4 {[%clk 01:07:04]} {[%emt 00:00:10]} Bxd4
{[%clk 00:28:44]} {[%emt 00:02:22]} 15. exd4 {[%clk 01:07:17]} {[%emt
00:00:16]} Ne6 {[%clk 00:28:50]} {[%emt 00:00:23]} 16. Rfd1 {[%clk 01:06:28]}
{[%emt 00:01:19]} Ng7 {[%clk 00:23:43]} {[%emt 00:05:38]} 17. Re1 {[%clk
01:05:12]} {[%emt 00:01:44]} Nh5 {[%clk 00:23:27]} {[%emt 00:00:47]} 18. Re7
{[%clk 01:04:34]} {[%emt 00:01:09]} f4 {[%clk 00:23:23]} {[%emt 00:00:34]} 19.
Rce1 {[%clk 01:04:34]} {[%emt 00:00:30]} fxg3 {[%clk 00:21:51]} {[%emt
00:02:02]} 20. hxg3 {[%clk 01:01:20]} {[%emt 00:03:44]} Nf6 {[%clk 00:21:18]}
{[%emt 00:00:54]} 1/2-1/2

[Event "DEM U10w 2021"]
[Site "Willingen GER"]
[Date "2021.08.28"]
[Round "9"]
[White "Frydel, Helena"]
[Black "Ramakrishnan, Veda"]
[Result "1/2-1/2"]
[Termination "normal"]
[Board "8"]
[WhiteElo "966"]
[BlackElo "1009"]
[WhiteClock "00:44:21"]
[BlackClock "00:57:22"]
[PlyCount "51"]
[WhiteFideId "16266536"]
[BlackFideId "16269519"]
[EventCountry "GER"]
[EventRounds "11"]
[EventType "swiss"]
[EventDate "2021.08.22"]

1. e4 {[%clk 01:15:57]} {[%emt 00:00:03]} e5 {[%clk 01:15:53]} {[%emt
00:00:07]} 2. Nf3 {[%clk 01:16:17]} {[%emt 00:00:10]} Nc6 {[%clk 01:16:14]}
{[%emt 00:00:09]} 3. Nc3 {[%clk 01:16:34]} {[%emt 00:00:15]} Nf6 {[%clk
01:16:32]} {[%emt 00:00:11]} 4. d4 {[%clk 01:16:58]} {[%emt 00:00:06]} exd4
{[%clk 01:16:53]} {[%emt 00:00:09]} 5. Nxd4 {[%clk 01:17:22]} {[%emt 00:00:06]}
Bb4 {[%clk 01:17:09]} {[%emt 00:00:13]} 6. Nxc6 {[%clk 01:17:46]} {[%emt
00:00:06]} bxc6 {[%clk 01:17:23]} {[%emt 00:00:17]} 7. Bd3 {[%clk 01:18:04]}
{[%emt 00:00:12]} d5 {[%clk 01:16:47]} {[%emt 00:01:06]} 8. exd5 {[%clk
01:18:28]} {[%emt 00:00:06]} cxd5 {[%clk 01:16:49]} {[%emt 00:00:28]} 9. O-O
{[%emt 00:00:22]} O-O {[%emt 00:00:42]} 10. Bg5 {[%clk 01:17:15]} {[%emt
00:00:39]} Be7 {[%clk 01:17:00]} {[%emt 00:00:18]} 11. Bxf6 {[%clk 01:13:19]}
{[%emt 00:04:26]} Bxf6 {[%clk 01:17:18]} {[%emt 00:00:13]} 12. Nxd5 {[%clk
01:13:19]} {[%emt 00:00:31]} Bxb2 {[%clk 01:15:33]} {[%emt 00:02:14]} 13. Rb1
{[%clk 01:12:22]} {[%emt 00:01:27]} Bf6 {[%clk 01:15:35]} {[%emt 00:00:27]} 14.
Be4 {[%clk 01:10:35]} {[%emt 00:02:18]} Ba6 {[%clk 01:10:10]} {[%emt 00:05:54]}
15. Re1 {[%clk 01:06:14]} {[%emt 00:04:52]} Rb8 {[%clk 01:08:06]} {[%emt
00:02:34]} 16. Nxf6+ {[%clk 01:04:07]} {[%emt 00:02:37]} Qxf6 {[%clk 01:08:19]}
{[%emt 00:00:16]} 17. Rxb8 {[%clk 01:03:14]} {[%emt 00:01:23]} Rxb8 {[%clk
01:08:27]} {[%emt 00:00:22]} 18. Bd3 {[%clk 01:00:09]} {[%emt 00:03:36]} Bb7
{[%clk 01:06:21]} {[%emt 00:02:36]} 19. Qe2 {[%clk 00:59:39]} {[%emt 00:00:57]}
Bc6 {[%clk 01:05:13]} {[%emt 00:01:41]} 20. Qh5 {[%clk 00:53:22]} {[%emt
00:06:46]} h6 {[%clk 01:04:17]} {[%emt 00:01:27]} 21. Qa5 {[%clk 00:50:07]}
{[%emt 00:03:37]} Rb7 {[%clk 01:02:13]} {[%emt 00:02:42]} 22. Ba6 {[%clk
00:47:27]} {[%emt 00:03:09]} Rb6 {[%clk 01:01:11]} {[%emt 00:01:32]} 23. Bc8
{[%clk 00:45:40]} {[%emt 00:02:17]} Qd8 {[%clk 00:59:53]} {[%emt 00:01:45]} 24.
Ba6 {[%clk 00:45:39]} {[%emt 00:00:34]} Qg5 {[%clk 00:57:04]} {[%emt 00:03:21]}
25. Qxg5 {[%clk 00:44:58]} {[%emt 00:01:12]} hxg5 {[%clk 00:57:22]} {[%emt
00:00:09]} 26. Bc4 {[%clk 00:44:21]} {[%emt 00:01:03]} 1/2-1/2

[Event "DEM U10w 2021"]
[Site "Willingen GER"]
[Date "2021.08.28"]
[Round "9"]
[White "Baihaghi, Aryana"]
[Black "Rössling, Laura Marie"]
[Result "1-0"]
[Termination "normal"]
[Board "9"]
[WhiteElo "1265"]
[BlackElo "1094"]
[WhiteClock "00:56:53"]
[BlackClock "00:05:22"]
[PlyCount "57"]
[WhiteFideId "34604960"]
[BlackFideId "16289471"]
[EventCountry "GER"]
[EventRounds "11"]
[EventType "swiss"]
[EventDate "2021.08.22"]

1. e4 {[%clk 01:15:58]} {[%emt 00:00:01]} d5 {[%clk 01:15:55]} {[%emt
00:00:06]} 2. exd5 {[%clk 01:16:22]} {[%emt 00:00:06]} Nf6 {[%clk 01:16:18]}
{[%emt 00:00:07]} 3. Nc3 {[%clk 01:16:07]} {[%emt 00:00:45]} Nxd5 {[%clk
01:16:13]} {[%emt 00:00:34]} 4. d4 {[%clk 01:16:00]} {[%emt 00:00:37]} Nc6
{[%clk 01:15:38]} {[%emt 00:01:05]} 5. Nf3 {[%clk 01:15:49]} {[%emt 00:00:41]}
Bg4 {[%clk 01:15:51]} {[%emt 00:00:17]} 6. Be3 {[%clk 01:15:28]} {[%emt
00:00:51]} Nxc3 {[%clk 01:14:55]} {[%emt 00:01:27]} 7. bxc3 {[%clk 01:15:44]}
{[%emt 00:00:14]} e6 {[%clk 01:14:20]} {[%emt 00:01:05]} 8. Be2 {[%clk
01:15:29]} {[%emt 00:00:45]} Be7 {[%clk 01:06:54]} {[%emt 00:07:55]} 9. h3
{[%clk 01:15:22]} {[%emt 00:00:37]} Bh5 {[%clk 01:07:10]} {[%emt 00:00:15]} 10.
Qd2 {[%clk 01:13:44]} {[%emt 00:02:08]} O-O {[%clk 01:07:14]} {[%emt 00:00:26]}
11. Rb1 {[%clk 01:13:09]} {[%emt 00:01:05]} b6 {[%clk 01:07:05]} {[%emt
00:00:38]} 12. Rb5 {[%clk 01:12:01]} {[%emt 00:01:38]} g6 {[%clk 01:03:28]}
{[%emt 00:04:07]} 13. g4 {[%clk 01:11:59]} {[%emt 00:00:33]} a6 {[%clk
00:58:49]} {[%emt 00:05:08]} 14. Rb1 {[%clk 01:10:56]} {[%emt 00:01:33]} Bf6
{[%clk 00:49:29]} {[%emt 00:09:50]} 15. gxh5 {[%clk 01:10:57]} {[%emt
00:00:29]} gxh5 {[%clk 00:40:49]} {[%emt 00:09:10]} 16. Rg1+ {[%clk 01:11:19]}
{[%emt 00:00:08]} Kh8 {[%clk 00:41:02]} {[%emt 00:00:18]} 17. Ng5 {[%clk
01:10:29]} {[%emt 00:01:19]} Ne7 {[%clk 00:39:50]} {[%emt 00:01:38]} 18. Qd3
{[%clk 01:08:50]} {[%emt 00:02:12]} Bxg5 {[%clk 00:37:26]} {[%emt 00:02:56]}
19. Bxg5 {[%clk 01:08:52]} {[%emt 00:00:27]} f6 {[%clk 00:30:29]} {[%emt
00:07:27]} 20. Bh4 {[%clk 01:04:13]} {[%emt 00:05:10]} Nf5 {[%clk 00:25:54]}
{[%emt 00:05:04]} 21. Bg3 {[%clk 01:02:38]} {[%emt 00:02:02]} Nxg3 {[%clk
00:20:16]} {[%emt 00:06:11]} 22. Rxg3 {[%clk 01:03:00]} {[%emt 00:00:07]} Rg8
{[%clk 00:13:11]} {[%emt 00:07:35]} 23. Kd2 {[%clk 01:02:33]} {[%emt 00:00:57]}
Rxg3 {[%clk 00:08:45]} 24. Qxg3 {[%clk 01:01:11]} {[%emt 00:06:49]} e5 {[%clk
00:07:18]} {[%emt 00:01:57]} 25. Qh4 {[%clk 00:58:02]} {[%emt 00:03:39]} Qd7
{[%clk 00:05:48]} {[%emt 00:02:00]} 26. Rg1 {[%clk 00:57:14]} {[%emt 00:01:18]}
Rg8 {[%clk 00:04:51]} {[%emt 00:01:26]} 27. Qxf6+ {[%clk 00:56:20]} {[%emt
00:01:25]} Rg7 {[%clk 00:05:02]} {[%emt 00:00:19]} 28. Qf8+ {[%clk 00:56:37]}
{[%emt 00:00:13]} Rg8 {[%clk 00:05:22]} {[%emt 00:00:10]} 29. Qxg8# {[%clk
00:56:53]} {[%emt 00:00:14]} 1-0

[Event "DEM U10w 2021"]
[Site "Willingen GER"]
[Date "2021.08.28"]
[Round "9"]
[White "Dominick, Johanna"]
[Black "Heidtkamp, Anna"]
[Result "1-0"]
[Termination "normal"]
[Board "10"]
[WhiteElo "936"]
[BlackElo "1132"]
[WhiteClock "01:07:38"]
[BlackClock "00:24:12"]
[PlyCount "121"]
[WhiteFideId "16296532"]
[BlackFideId "16269012"]
[EventCountry "GER"]
[EventRounds "11"]
[EventType "swiss"]
[EventDate "2021.08.22"]

1. e4 {[%clk 01:15:59]} e5 {[%clk 01:15:55]} {[%emt 00:00:05]} 2. Nf3 {[%clk
01:16:25]} {[%emt 00:00:04]} Nc6 {[%clk 01:16:21]} {[%emt 00:00:04]} 3. Bc4
{[%clk 01:16:49]} {[%emt 00:00:06]} Bc5 {[%clk 01:16:44]} {[%emt 00:00:07]} 4.
Nc3 {[%clk 01:17:14]} {[%emt 00:00:05]} Nf6 {[%clk 01:17:07]} {[%emt 00:00:07]}
5. d3 {[%clk 01:17:35]} {[%emt 00:00:08]} d6 {[%clk 01:17:28]} {[%emt
00:00:10]} 6. Bg5 {[%clk 01:17:52]} {[%emt 00:00:12]} h6 {[%clk 01:17:51]}
{[%emt 00:00:07]} 7. Bh4 {[%clk 01:18:14]} {[%emt 00:00:08]} g5 {[%clk
01:18:17]} {[%emt 00:00:05]} 8. Bg3 {[%clk 01:18:13]} {[%emt 00:00:31]} Bg4
{[%clk 01:18:37]} {[%emt 00:00:11]} 9. h3 {[%clk 01:18:32]} {[%emt 00:00:10]}
Bh5 {[%clk 01:19:02]} {[%emt 00:00:05]} 10. Qd2 {[%clk 01:18:36]} {[%emt
00:00:25]} Bxf3 {[%clk 01:19:23]} {[%emt 00:00:10]} 11. gxf3 {[%clk 01:18:58]}
{[%emt 00:00:08]} Qd7 {[%clk 01:16:55]} {[%emt 00:02:57]} 12. O-O-O {[%clk
01:19:09]} {[%emt 00:00:20]} O-O-O {[%clk 01:11:40]} {[%emt 00:05:45]} 13. h4
{[%clk 01:19:07]} {[%emt 00:00:32]} g4 {[%clk 01:08:05]} {[%emt 00:04:02]} 14.
fxg4 {[%clk 01:19:22]} {[%emt 00:00:17]} Qxg4 {[%clk 01:06:21]} {[%emt
00:02:11]} 15. Bxf7 {[%clk 01:17:31]} {[%emt 00:02:24]} Rdf8 {[%clk 00:57:43]}
{[%emt 00:09:08]} 16. Bc4 {[%clk 01:17:27]} {[%emt 00:00:35]} Qf3 {[%clk
00:52:29]} {[%emt 00:05:44]} 17. Nd5 {[%clk 01:16:14]} {[%emt 00:01:42]} Ng4
{[%clk 00:49:40]} {[%emt 00:03:16]} 18. Rhg1 {[%clk 01:13:44]} {[%emt
00:02:55]} Rf7 {[%clk 00:35:50]} {[%emt 00:14:17]} 19. Nb6+ {[%clk 01:10:38]}
{[%emt 00:03:48]} Bxb6 {[%clk 00:35:56]} {[%emt 00:00:24]} 20. Be6+ {[%clk
01:10:51]} {[%emt 00:00:12]} Rd7 {[%clk 00:35:14]} {[%emt 00:01:16]} 21. Bxg4
{[%clk 01:10:30]} {[%emt 00:00:52]} Qxg4 {[%clk 00:29:41]} {[%emt 00:06:02]}
22. Bxe5 {[%clk 01:05:02]} {[%emt 00:05:58]} Qxh4 {[%clk 00:24:49]} {[%emt
00:05:23]} 23. Bxh8 {[%clk 01:05:17]} {[%emt 00:00:15]} Qxf2 {[%clk 00:24:40]}
{[%emt 00:00:39]} 24. Qxf2 {[%clk 01:05:39]} {[%emt 00:00:07]} Bxf2 {[%emt
00:00:45]} 25. Rgf1 {[%clk 01:05:07]} {[%emt 00:00:24]} Be3+ {[%clk 00:25:13]}
{[%emt 00:00:21]} 26. Kb1 {[%clk 01:05:27]} {[%emt 00:00:07]} h5 {[%clk
00:24:43]} {[%emt 00:01:02]} 27. Rf8+ {[%clk 01:05:11]} {[%emt 00:00:44]} Nd8
{[%clk 00:24:20]} {[%emt 00:00:55]} 28. Bf6 {[%clk 01:05:16]} {[%emt 00:00:20]}
c6 {[%clk 00:23:59]} {[%emt 00:00:51]} 29. Rxd8+ {[%clk 01:05:35]} {[%emt
00:00:16]} Rxd8 {[%clk 00:24:19]} {[%emt 00:00:10]} 30. Bxd8 {[%clk 01:05:59]}
{[%emt 00:00:06]} Kxd8 {[%clk 00:24:45]} {[%emt 00:00:04]} 31. Rh1 {[%clk
01:06:17]} {[%emt 00:00:08]} Bd4 {[%clk 00:24:27]} {[%emt 00:00:47]} 32. Rxh5
{[%clk 01:06:35]} {[%emt 00:00:16]} b5 {[%clk 00:24:22]} {[%emt 00:00:37]} 33.
c4 {[%clk 01:06:59]} {[%emt 00:00:06]} b4 {[%clk 00:23:45]} {[%emt 00:01:07]}
34. b3 {[%clk 01:07:09]} {[%emt 00:00:19]} Kd7 {[%clk 00:24:03]} {[%emt
00:00:14]} 35. Rh7+ {[%clk 01:07:26]} {[%emt 00:00:09]} Ke6 {[%clk 00:24:27]}
{[%emt 00:00:09]} 36. Kc2 {[%clk 01:06:59]} {[%emt 00:00:57]} Ke5 {[%clk
00:24:25]} {[%emt 00:00:32]} 37. Kd2 {[%clk 01:06:39]} {[%emt 00:00:50]} Bc3+
{[%clk 00:24:17]} {[%emt 00:00:38]} 38. Ke2 {[%clk 01:06:57]} {[%emt 00:00:10]}
Bd4 {[%clk 00:24:41]} {[%emt 00:00:08]} 39. Kf3 {[%clk 01:07:04]} {[%emt
00:00:22]} Bb6 {[%clk 00:24:38]} {[%emt 00:00:35]} 40. Rh6 {[%clk 01:06:15]}
{[%emt 00:01:09]} Bc5 {[%clk 00:24:01]} {[%emt 00:01:14]} 41. Ke2 {[%clk
01:04:53]} {[%emt 00:01:52]} Kd4 {[%clk 00:23:15]} {[%emt 00:01:18]} 42. Kd2
{[%clk 01:05:07]} {[%emt 00:00:14]} Ke5 {[%clk 00:23:36]} {[%emt 00:00:12]} 43.
Rh7 {[%clk 01:05:05]} {[%emt 00:00:30]} Bb6 {[%clk 00:23:40]} {[%emt 00:00:27]}
44. Rb7 {[%clk 01:04:47]} {[%emt 00:00:46]} Kd4 {[%clk 00:23:57]} {[%emt
00:00:14]} 45. Rb8 {[%clk 01:04:56]} {[%emt 00:00:17]} Ba5 {[%clk 00:23:54]}
{[%emt 00:00:36]} 46. Ra8 {[%clk 01:04:57]} {[%emt 00:00:30]} Bb6 {[%clk
00:24:18]} {[%emt 00:00:08]} 47. Rc8 {[%clk 01:05:19]} {[%emt 00:00:06]} Kc5
{[%clk 00:24:31]} {[%emt 00:00:17]} 48. Ke3 {[%clk 01:05:19]} {[%emt 00:00:29]}
d5 {[%clk 00:24:22]} {[%emt 00:00:41]} 49. exd5 {[%clk 01:05:40]} {[%emt
00:00:09]} Kd6+ {[%clk 00:24:40]} {[%emt 00:00:12]} 50. d4 {[%clk 01:05:45]}
{[%emt 00:00:24]} c5 {[%clk 00:24:42]} {[%emt 00:00:29]} 51. dxc5+ {[%clk
01:05:48]} {[%emt 00:00:27]} Bxc5+ {[%clk 00:25:01]} {[%emt 00:00:10]} 52. Kd3
{[%clk 01:06:07]} {[%emt 00:00:10]} Bb6 {[%clk 00:25:10]} {[%emt 00:00:14]} 53.
Rc6+ {[%emt 00:00:34]} Kd7 {[%clk 00:24:44]} {[%emt 00:00:38]} 54. c5 {[%clk
01:06:03]} {[%emt 00:00:56]} Bc7 {[%clk 00:24:49]} {[%emt 00:00:25]} 55. Ra6
{[%clk 01:06:01]} {[%emt 00:00:30]} Bb8 {[%clk 00:25:03]} {[%emt 00:00:19]} 56.
c6+ {[%clk 01:06:22]} {[%emt 00:00:08]} Kd8 {[%clk 00:25:11]} {[%emt 00:00:23]}
57. a3 {[%clk 01:06:33]} {[%emt 00:00:19]} bxa3 {[%clk 00:25:27]} {[%emt
00:00:12]} 58. Rxa3 {[%clk 01:07:00]} {[%emt 00:00:05]} Kc7 {[%clk 00:25:39]}
{[%emt 00:00:19]} 59. Ra4 {[%clk 01:07:00]} {[%emt 00:00:28]} Kd6 {[%clk
00:25:24]} {[%emt 00:00:43]} 60. Kc4 {[%clk 01:07:19]} {[%emt 00:00:12]} Ke7
{[%clk 00:24:12]} {[%emt 00:01:44]} 61. Rb4 {[%clk 01:07:38]} {[%emt 00:00:08]}
1-0